000
00180 a2200097 4500
020
_a
9780802775696
041
_a
eng
100
_a
Linda Vieira
245
_a
Grand canyon
942
_c
BK
999
_c
9604
_d
9604